|
|
|
|
| LEADER |
00596cam a2200181ua 4500 |
| 020 |
|
|
|a 978-81-315-1201-2
|
| 082 |
1 |
4 |
|a 658.4013
|b EVA-Q
|
| 100 |
1 |
|
|a Evans, James R .
|
| 245 |
1 |
0 |
|a Quality control and management /
|
| 260 |
|
|
|a India :
|b Cengage Learning ,
|c 2008.
|
| 300 |
|
|
|a 708p. ;
|
| 650 |
|
0 |
|a Management
|
| 650 |
|
0 |
|a Executive management
|
| 650 |
|
0 |
|a Control and quality management
|
| 700 |
|
|
|a Lindsay,William W.
|
| 942 |
|
|
|c BK
|
| 999 |
|
|
|c 41993
|d 41993
|
| 952 |
|
|
|0 0
|1 0
|4 0
|6 658_401300000000000_EVAQ
|7 0
|9 53885
|a KU
|b KU
|d 2015-07-05
|l 0
|o 658.4013 EVA-Q
|p MB05546
|r 2015-07-05
|y BK
|z C D available(sl.no.15)
|